Statistics for Geography Questions #12: Countries That Separated From Other Countries Part 1

Click here to take the quiz!

General Stats

  • This quiz has been taken 33 times
  • The average score is 8 of 10

Answer Stats

Former CountryAnswer% Correct
Separated from SudanSouth Sudan
97%
CzechoslovakiaCzech Republic
90%
CzechoslovakiaSlovakia
87%
YugoslaviaMontenegro
83%
YugoslaviaSerbia
83%
YugoslaviaSlovenia
83%
YugoslaviaBosnia and Herzagovina
80%
YugoslaviaCroatia
80%
YugoslaviaKosovo
80%
YugoslaviaMacedonia
80%

Score Distribution

Percentile by Number Answered

Percent of People with Each Score

Your Score History

You have not taken this quiz